000 00495nam a22001577a 4500
003 macl
005 20191020124833.0
008 191020b xxu||||| |||| 00| 0 eng d
040 _cmacl
082 _a200
100 _aशर्मा ,पं. गंगाधर
_977013
245 _aभारतीय संतों की महिमा
260 _aदिल्‍ली
_bशिवानी बुक एजेंसी
_c2016
650 _aधर्म
_977014
942 _2ddc
_cHIN
999 _c61246
_d61246